Normal view MARC view
  • GUPTA, DR. S.K & GHALAUT, DR. VEENA SINGH JAIN, DR.ANJU AND GOSWAMI, DR. BINITA

Entry Personal Name

Number of records used in: 1

001 - CONTROL NUMBER

  • control field: 8505

003 - CONTROL NUMBER IDENTIFIER

  • control field: JRU

005 - DATE AND TIME OF LATEST TRANSACTION

  • control field: 20240902124324.0

008 - FIXED-LENGTH DATA ELEMENTS

  • fixed length control field: 240902|| aca||aabn | a|a d

040 ## - CATALOGING SOURCE

  • Original cataloging agency: JRU
  • Transcribing agency: JRU

100 ## - HEADING--PERSONAL NAME

  • Personal name: GUPTA, DR. S.K & GHALAUT, DR. VEENA SINGH JAIN, DR.ANJU AND GOSWAMI, DR. BINITA

670 ## - SOURCE DATA FOUND

  • Source citation: Work cat.: (JRU)8638: GUPTA, DR. S.K & GHALAUT, DR. VEENA SINGH JAIN, DR.ANJU AND GOSWAMI, DR. BINITA , MANUAL OF PRACTICAL BIOCHEMISTRY FOR MBBS